Quizzes
Events
Quiz Creation
Community
Videos
Private Events
Remove Ads
Sign In
Join for FREE
Feedback
Dark Mode
Quiz Categories
Sports
Geography
Music
Movies
Television
Just For Fun
Miscellaneous
History
Literature
Language
Science
Gaming
Entertainment
Religion
Holiday
For Kids
Quiz Lab
Recent
Popular Today
Quiz Kudos Today
Editor Picks
Curator Picks
Quizzes by...
Day
Popularity
Type
Ratings
Length
Year
Community
Subscriptions
Recent Discussions
Orange Saloon
Badges
Playlists
Quests
Create
Leaderboards
Showdown
Live 5
Trivia Bingo
Activity
Puzzle Library
Sporcle Events
Private Events
Virtual Trivia
Globe League
Become a Host
Pub Owners
SporcleCon
Opinionation
Our Games
Videos
Blog
Mobile Apps
Partnerships
Remove Ads and Go Orange
Feedback
Just For Fun
Clickable
Get the Picture
Humor
Quick Pick
Word Ladder
Missing Word
Mixed Word
Blitz
Minefield
This or That
Alphabet
Color
Typing
Sporcle
Puzzle
Word Play
Follow That Line
Logic
Just For Fun
Clickable
Get the Picture
Humor
Quick Pick
Word Ladder
Missing Word
Mixed Word
Blitz
Minefield
This or That
Alphabet
Color
Typing
Sporcle
Puzzle
Word Play
Follow That Line
Logic
Random Quiz
Search Sporcle
×
Quiz Lab
Quiz Lab
Just For Fun
Pokémon
Type in answers that appear in a list
Type in answers that appear in a list
Classic
Best Score? Go Orange.
Pokemon Generation 1-5 Ground Types Stats
Can you name the Pokemon Generation 1-5 Ground Types?
By
BostonSportsFan
20m
30 Questions
50 Plays
50 Plays
50 Plays
Comments
Comments
Give Quiz Kudos
Give Quiz Kudos
-
- Ratings
hide this ad
Replay
Link that replays current quiz
Next Quiz
Link to next quiz in quiz playlist
You Got
0%
They Got
Avg Score
82%
Avg Friend Score
Upgrade to see
Score Distribution
Jump to the score distribution portion of the page
Score
0/30
Timer
20:00
0
Plays Today
generation
% Correct
Generation 1
Rhydon
92%
Generation 1
Sandshrew
90%
Generation 1
Rhyhorn
90%
Generation 1
Sandslash
88%
Generation 5
Sandile
88%
Generation 5
Krokorok
86%
Generation 5
Stunfisk
86%
Generation 1
Diglett
84%
Generation 1
Dugtrio
84%
Generation 1
Cubone
84%
Generation 1
Marowak
84%
Generation 4
Rhyperior
84%
Generation 5
Landorus
84%
Generation 3
Trapinch
82%
Generation 5
Drilbur
82%
generation
% Correct
Generation 2
Gligar
82%
Generation 3
Vibrava
82%
Generation 3
Flygon
82%
Generation 5
Golett
82%
Generation 5
Golurk
82%
Generation 4
Hippopotas
80%
Generation 4
Hippowdon
80%
Generation 4
Gliscor
80%
Generation 5
Excadrill
80%
Generation 5
Krookodile
80%
Generation 3
Groudon
78%
Generation 2
Phanpy
76%
Generation 3
Baltoy
76%
Generation 3
Claydol
76%
Generation 2
Donphan
74%
Quiz Playlist
Details
Report
Send in Message
Add To Playlist
Classic:
Type in answers that appear in a list
Last Updated: Feb 16, 2017
Quiz Scoreboard
CHALLENGE
Sign Up to Join the Scoreboard
Show All
Scores
Hide
Comments
May contain spoilers
Recently Published
One Thing in Common: World Cities II
by knightlancer
Geography
7m
Popular People in 1961
by mucciniale
History
6m
1-10 Letter E Words III
by El_Dandy
Language
2m
More to Explore
Quiz From the Vault
Featured Blog Post
Where Did the Easter Bunny Come From?
hide this ad
You Might Also Like...
Tags
Pokémon Quiz
1-5
Generation
ground
Today's Top Quizzes in Just For Fun
Browse Just For Fun
hide this ad
Today's Top Quizzes in Pokémon
Browse Pokémon
Top Contributed Quizzes in Just For Fun
1
Harry Potter Logic - 'In Chains' II
2
Survivor Winners Logic Puzzle
3
Crossword Whiteout! 49
4
Letter's Position in the Alphabet Blitz
5
Thermometer Puzzle 25
6
Aquarium Logic Puzzle 17
7
Big Thermometer Puzzle 21
8
Clickable 1 to 100 Minefield
9
K-Pop Idol Olympics Logic Quiz II
10
Tapa Puzzle
Explore More
Trending Topics
Harry Potter
Disney
NBA
Kpop
Marvel
Crossword
Anime
NFL
Song
Country
WWE
The Office
Pokémon
Soccer
Puzzle
hide this ad
More By:
BostonSportsFan
Quiz
Plays
Rating
Category
Featured
Created
Top 200 Pokemon Used
179
1.33
Just For Fun
Jan 7, 2012
Pokemon Generation 1-5 Fire Types
137
2.60
Just For Fun
Dec 22, 2011
Pokemon Generation 1-5 Ghost Types
130
1.50
Just For Fun
Dec 21, 2011
Pokemon Generation 1-5 Water Types
67
1.00
Just For Fun
Jan 2, 2012
Pokemon Generation 1-5 Rock Types
59
1.67
Just For Fun
Dec 21, 2011
Go to Creator's Profile
Score Distribution
Quiz Creator Spotlight
BostonSportsFan
Follow
Send a Message
Quizzes Created
-
Created Quiz Play Count
-
More By This Creator
Popular Quizzes Today
1
Find the US States - No Outlines Minefield
2
The Countries of the World
3
Find the Countries of Europe - No Outlines Minefield
4
Popular People in 1961
5
1-10 Letter E Words III
6
Find the US States
7
One Thing in Common: World Cities II
8
US States
More Just For Fun Quizzes
Quick Pick: Athletics World Record Holders
Published
Trending Quizzes
Risky Map Clicking: Least Populous States A-Z
1-10 Letter F Words
1-10 Letter G Words
One Thing in Common: United Kingdom
Risky Map Clicking: Next State Alphabetically
Recently Updated
Leaping Animals
pecheneg
Reality TV Shows (A-Z)
bhenderson79
Rickey Henderson's Hall of Fame Teammates
pecheneg
Champions League XIs: Arsenal
pecheneg
Quick Pick: Celebrities in WWE's Hall of Fame
aduchscher
A-Z Keypad Blitz II
pecheneg
Multiple Oscar Actors
pecheneg
Mystery Phrase Blitz: Oscar 'Best Actors'
pecheneg
F. Scott Fitzgerald Novels
LTH
Pick 3 Villains
ddd62291
Trending Topics
Crossword
Disney
Kpop
Harry Potter
NBA
Marvel
Anime
Puzzle
NFL
Song
Pokémon
The Office
Soccer
WWE
Country
Your Account Isn't Verified!
In order to create a playlist on Sporcle, you need to verify the email address you used during registration. Go to your
Sporcle Settings
to finish the process.
Report this User
Report this user for behavior that violates our
Community Guidelines
.
Details:
Send Report
Go to the Sporcle.com Mobile Site →
Comments